| 000 | 00389nam a2200169Ia 4500 | ||
|---|---|---|---|
| 001 | 13511 | ||
| 003 | IN-NITTTR | ||
| 005 | 20251114233127.0 | ||
| 008 | 251113s9999||||xx |||||||||||||| ||eng|| | ||
| 040 | _beng | ||
| 040 | _cIN-NITTTR | ||
| 041 | _aeng | ||
| 082 | _a338.04 T154E | ||
| 100 | _aTandon, B. C. | ||
| 245 | 0 |
_aEnvironment and entrepreneur / _cTandon, B. C. |
|
| 942 |
_2ddc _cBK |
||
| 999 |
_c16147 _d16147 |
||